Yield and secondary characters of the clone RRII 105 in trial plantings (Record no. 49341)

MARC details
000 -LEADER
fixed length control field 00568nam a2200181Ia 4500
100 ## - MAIN ENTRY--AUTHOR NAME
Personal name George P.J.
245 #0 - TITLE STATEMENT
Title Yield and secondary characters of the clone RRII 105 in trial plantings
260 ## - PUBLICATION, DISTRIBUTION, ETC. (IMPRINT)
Name of publisher International Rubber Conference, 23-28 November 1980, Rubber Research Institute of India, Kottayam, India.
Year of publication 1980
650 ## - SUBJECT ADDED ENTRY--TOPICAL TERM
Topical Term Bark thickness
650 ## - SUBJECT ADDED ENTRY--TOPICAL TERM
Topical Term Girth
650 ## - SUBJECT ADDED ENTRY--TOPICAL TERM
Topical Term RRII 105
650 ## - SUBJECT ADDED ENTRY--TOPICAL TERM
Topical Term Secondary character
650 ## - SUBJECT ADDED ENTRY--TOPICAL TERM
Topical Term Yield
700 ## - ADDED ENTRY--PERSONAL NAME
Personal name Nair V.K.B.
700 ## - ADDED ENTRY--PERSONAL NAME
Personal name Panikkar A.O.N.
942 ## - ADDED ENTRY ELEMENTS (KOHA)
Koha item type Bibliography STAF
Holdings
Withdrawn status Lost status Damaged status Not for loan Home library Current library Shelving location Date acquired Koha item type
      Bibliography RRII Library RRII Library Botany 09/04/2014 Bibliography STAF